| 000 | 00608nam a22002413 4500 | ||
|---|---|---|---|
| 001 | 990139828550107026 | ||
| 003 | UkOxU | ||
| 005 | 20250429095240.0 | ||
| 008 | 931015s1898 enk 000 0 | ||
| 035 | _a(UkOxU)013982855 | ||
| 035 | _a(UkOxU)013982855BIB01 | ||
| 035 | _aCD-0000450644 | ||
| 041 | _aeng | ||
| 092 | _aMH876 | ||
| 100 | 1 |
_aHoward, Ebenezer _csir. |
|
| 245 | 1 | 0 | _aTo-morrow: a peaceful path to real reform. |
| 260 |
_aLond. _c1898 |
||
| 300 | _ccm.18 | ||
| 651 | _aUnited Kingdom | ||
| 690 | 0 | 0 |
_aSocial sciences _xUtopias _2pre20 |
| 752 |
_aEngland _dLondon |
||
| 942 | _n0 | ||
| 999 |
_c122152 _d122152 |
||